| 000 | 00822cab a2200217 4500 | ||
|---|---|---|---|
| 001 | E84577 | ||
| 008 | 090401t1997 xxu||||| |||| 00| 0 eng d | ||
| 035 | _a(Sirsi) u78973 | ||
| 041 | _aeng | ||
| 245 | _aERDC Construction Ltd v H M Love & Co (No2) | ||
| 260 | _c1997 | ||
| 350 | _a0 | ||
| 490 |
_aScots Law Times _v1997 SLT 175-181(7) |
||
| 520 | _aFirst Division. 26 July 1996. Arbitration - arbiter - disqualification -arbiter hearing proof in arbitration and thereafter issuing proposed findings - basis of case then changed by minute of amendment - whether issue of proposed findings prevented arbiter from dealing further with case. | ||
| 650 | _aARBITER | ||
| 650 | _aCONSTRUCTION ARBITRATIONS | ||
| 650 | _aCONSTRUCTION DISPUTES | ||
| 690 | _aARBITRATION-CASE LAW | ||
| 942 | _n0 | ||
| 948 | _c17/06/1997 | ||
| 999 |
_c49627 _d49627 |
||